| 000 | 00854nam a2200265Ia 4500 | ||
|---|---|---|---|
| 001 | Z_1388 | ||
| 003 | CHAP | ||
| 008 | 220113s1979 xx 000 0 und d | ||
| 010 | _a164477 | ||
| 040 | _cCHAP | ||
| 090 | _aTesis C 164 | ||
| 100 |
_aCastro González, Roberto _920371 |
||
| 245 |
_aEfecto del intervalo de pastoreo en la producción de materia seca del pasto estrella africana (Cynodon plectostachyus K. Schum.) fertilizado / _cpor Roberto Castro González |
||
| 260 |
_aCárdenas, Tab. : _bEl autor, _c1979 |
||
| 502 | _aTesis (M.C. en Producción Animal. Colegio Superior de Agricultura Tropical | ||
| 650 |
_aCynodon plectostachyus _930802 |
||
| 650 |
_aMateria seca _xDeterminación _972934 |
||
| 650 |
_aPastoreo _985984 |
||
| 901 | _aTESIS C 164 | ||
| 902 | _aM | ||
| 910 | _a1979 | ||
| 942 | _c2 | ||
| 942 | _c2 | ||
| 999 |
_c164477 _d164477 |
||